书目信息 |
| 题名: |
Hermite展开与广义函数
|
|
| 作者: | 丁夏畦, 丁毅著 | |
| 分册: | ||
| 出版信息: | 武汉 华中师范大学出版社 2005.05 |
|
| 页数: | 131页 | |
| 开本: | 21cm | |
| 丛书名: | 院士文丛 | |
| 单 册: | ||
| 中图分类: | O177.4 | |
| 科图分类: | ||
| 主题词: | 埃尔米特多项式-应用-广义函数-研究 | |
| 电子资源: | ||
| ISBN: | 7-5622-3045-5 | |
| 000 | 00804nam0 2200229 45 | |
| 001 | 010463895936 | |
| 005 | 20070607165144.45 | |
| 010 | @a7-5622-3045-5@b精装@dCNY16.00 | |
| 100 | @a20061027d2005 ekmy0 y0120 ea | |
| 102 | @aCN@b420000 | |
| 105 | @ay z 000yy | |
| 200 | 1 | @aHermite展开与广义函数@d= Hermite expansions and generalized functions@f丁夏畦, 丁毅著 |
| 210 | @a武汉@c华中师范大学出版社@d2005.05 | |
| 215 | @a131页@d21cm | |
| 225 | 2 | @a院士文丛 |
| 330 | @a本书以Hermite多项式为工具,引进了新的广义函数,作者们称之为弱函数,它包括了许多经典的广义函数,继而引进了广义数、广义弱函数,解决了弱函数乘法的问题。 | |
| 606 | 1 | @a埃尔米特多项式-应用-广义函数-研究 |
| 690 | @aO177.4@v4 | |
| 701 | 0 | @a丁夏畦, 丁毅著 |
| 801 | 0 | @aCN@c20070607 |
| 905 | @dO177.4@eD585 | |
| 906 | @dCNY16.00@n2@r1 | |
| Hermite展开与广义函数= Hermite expansions and generalized functions/丁夏畦, 丁毅著.-武汉:华中师范大学出版社,2005.05 |
| 131页;21cm.-(院士文丛) |
| ISBN 7-5622-3045-5(精装):CNY16.00 |
| 本书以Hermite多项式为工具,引进了新的广义函数,作者们称之为弱函数,它包括了许多经典的广义函数,继而引进了广义数、广义弱函数,解决了弱函数乘法的问题。 |
| ● |
| 相关链接 |
|
|
|
正题名:Hermite展开与广义函数
索取号:O177.4/D585
 
预约/预借
| 序号 | 登录号 | 条形码 | 馆藏地/架位号 | 状态 | 备注 |
| 1 | 229837 | 202298370 | 自科库401/401自科库 45排6列3层/ [索取号:O177.4/D585] | 在馆 | |
| 2 | 229838 | 202298389 | 自科库401/401自科库 45排6列3层/ [索取号:O177.4/D585] | 在馆 |